000 004270000a22001690004500
003 MACL
005 20151229155328.0
008 151229b xxu||||| |||| 00| 0 eng d
040 _aMACL
_cMACL
041 _aEnglish
082 _a294
100 _aHaug, Martin
_924163
245 _aThe Aitareya Brahmanam of The Rigveda
260 _bThe panini Office
_c1922
_aAllahabad
650 _aReligion
_924164
942 _cBK
_k294
_2ddc
999 _c34702
_d34702